000 01572cam a2200385 a 4500
001 EDZ0000018568
003 StDuBDS
005 20161031105136.0
006 m||||||||d||||||||
007 cr |||||||||||
008 110110s2004 caua fo| 001|0|eng|d
020 _a9781412990110 (ebook) :
_cNo price
040 _aStDuBDS
_beng
_cStDuBDS
_epn
049 _aAlfaisal Main Library
050 0 _aHM585
_b.S52 2004
082 0 4 _a300.1
_223
100 1 _aShoemaker, Pamela J.
245 1 0 _aHow to build social science theories
_h[electronic resource] /
_cPamela J. Shoemaker, James William Tankard, Jr., Dominic L. Lasorsa.
260 _aThousand Oaks, Calif. ;
_aLondon :
_bSAGE,
_cc2004.
300 _a1 online resource (xvi, 222 p.) :
_bill.
520 8 _a'How to Build Social Science Theories' is an authoritative guide from a theory's genesis, to its dissemination, and through its evaluation.
521 _aSpecialized.
588 _aDescription based on print version record.
504 _aIncludes bibliographical references and index.
650 0 _aSociology
_xMethodology.
650 0 _aSocial sciences
_xMethodology.
655 7 _aElectronic books.
_2local
700 1 _aTankard, James W.
700 1 _aLasorsa, Dominic L.
710 2 _aSage eBooks
776 0 8 _iPrint version :
_z9780761926672
856 4 0 _3SAGE research methods
_uhttp://methods.sagepub.com/book/how-to-build-social-science-theories
856 4 0 _uhttp://ezproxy.alfaisal.edu/login?url=http://sk.sagepub.com/books/how-to-build-social-science-theories
942 _2lcc
_cEBOOKS
999 _c480220
_d480220